000 00878nam a2200277Ia 4500
999 _c49727
_d49727
001 16662
003 GE_BSU
005 20200131160103.0
008 181216s||||||||xx |||||||||||||| ||und||
020 _aISBN 9780195377002 (pbk.alk. paper)
040 _cGE_BSU
080 _a159.923
245 _aHandbook of affective sciences /
245 _cedited by: Richard J. Davidson, Klaus R. Scherer, H. Hill Goldsmith.
260 _aNew York
260 _bOxford University Press
260 _c2009
300 _a1199 p;
_c26 cm.
541 _h252gel.
653 _aAffect (Psychology) Emotions.
653 _aფსიქოლოგია
700 _aDavidson, Richard J
_eრედაქტორი
_96653
700 _aScherer, Klaus R
_eრედაქტორი
_96654
700 _aGoldsmith, H. Hill
_eრედაქტორი
_96655
942 _cBK
_2udc